[Event "CZE-chT2B 1617"]
[Site "Czech Republic"]
[Date "2016.10.30"]
[Round "2.1"]
[White "Voloshin, Leonid"]
[Black "Rehorek, Martin"]
[Result "1/2-1/2"]
[WhiteElo "2406"]
[BlackElo "2245"]
[PlyCount "80"]
[EventDate "2016.10.09"]
[EventType "team-tourn"]
[EventRounds "11"]
[EventCountry "CZE"]
[SourceTitle "EXT 2022"]
[Source "ChessBase"]
[SourceDate "2021.10.06"]
[SourceVersion "1"]
[SourceVersionDate "2021.10.06"]
[SourceQuality "1"]
[WhiteTeam "Jicin IV"]
[BlackTeam "Mlada Boleslav"]
[WhiteTeamCountry "CZE"]
[BlackTeamCountry "CZE"]

1. d4 Nf6 2. c4 g6 3. Nc3 Bg7 4. g3 d6 5. Bg2 0-0 6. Nf3 c6 7. 0-0 Be6 8. d5 Bg4 9. h3 Bxf3 10. exf3 Nbd7 11. f4 Nb6 12. dxc6 bxc6 13. c5 dxc5 14. Bxc6 Rc8 15. Bg2 e6 16. Qe2 Nfd5 17. Bd2 Nxc3 18. Bxc3 Bxc3 19. bxc3 Nd5 20. Qe5 Qc7 21. Bxd5 Qxe5 22. fxe5 exd5 23. Rfd1 Rfd8 24. Rd3 Rc7 25. Rad1 Rcd7 26. f4 h5 27. Kf2 Kf8 28. g4 hxg4 29. hxg4 Ke7 30. f5 gxf5 31. gxf5 d4 32. cxd4 cxd4 33. Kf3 Rd5 34. Kf4 Rh8 35. Kg5 Rg8+ 36. Kf4 Rh8 37. Kg5 Rg8+ 38. Kf4 Rh8 39. Kg5 Rg8+ 40. Kf4 Rh8 1/2-1/2

[Event "CZE-chT2B 1617"]
[Site "Czech Republic"]
[Date "2016.10.23"]
[Round "4.1"]
[White "Jurcik, Martin"]
[Black "Rehorek, Martin"]
[Result "1-0"]
[WhiteElo "2329"]
[BlackElo "2245"]
[PlyCount "71"]
[EventDate "2016.10.09"]
[EventType "team-tourn"]
[EventRounds "11"]
[EventCountry "CZE"]
[SourceTitle "EXT 2022"]
[Source "ChessBase"]
[SourceDate "2021.10.06"]
[SourceVersion "1"]
[SourceVersionDate "2021.10.06"]
[SourceQuality "1"]
[WhiteTeam "Bartos Unichess II"]
[BlackTeam "Mlada Boleslav"]
[WhiteTeamCountry "CZE"]
[BlackTeamCountry "CZE"]

1. d4 Nf6 2. Bg5 Ne4 3. Bf4 e6 4. Nd2 d5 5. e3 Bd6 6. Bd3 Bxf4 7. exf4 Nxd2 8. Qxd2 c5 9. dxc5 0-0 10. Nf3 a5 11. c4 Nd7 12. cxd5 Nxc5 13. Bxh7+ Kxh7 14. Qc2+ Kg8 15. Qxc5 b6 16. Qd4 Ba6 17. 0-0-0 Be2 18. Rd2 Rc8+ 19. Kb1 Bxf3 20. gxf3 Qxd5 21. Qxd5 exd5 22. Rc1 Rc4 23. Rxc4 dxc4 24. a4 Rb8 25. Rd5 Kf8 26. Kc2 Ke7 27. Kc3 Rc8 28. Re5+ Kd7 29. Rg5 g6 30. h4 Rc6 31. f5 Rf6 32. Kxc4 gxf5 33. Kb5 f4 34. Re5 Kd8 35. Re4 Kd7 36. Rc4 1-0

[Event "CZE-chT2B 1617"]
[Site "Czech Republic"]
[Date "2016.10.09"]
[Round "1.1"]
[White "Rehorek, Martin"]
[Black "Kotek, Daniel"]
[Result "1/2-1/2"]
[WhiteElo "2245"]
[BlackElo "2248"]
[PlyCount "112"]
[EventDate "2016.10.09"]
[EventType "team-tourn"]
[EventRounds "11"]
[EventCountry "CZE"]
[SourceTitle "EXT 2022"]
[Source "ChessBase"]
[SourceDate "2021.10.06"]
[SourceVersion "1"]
[SourceVersionDate "2021.10.06"]
[SourceQuality "1"]
[WhiteTeam "Mlada Boleslav"]
[BlackTeam "Usti nad Labem"]
[WhiteTeamCountry "CZE"]
[BlackTeamCountry "CZE"]

1. Nf3 d5 2. c4 e6 3. g3 Nf6 4. Bg2 dxc4 5. Na3 Bxa3 6. bxa3 b5 7. a4 a6 8. Ba3 Bb7 9. 0-0 Nbd7 10. Qb1 Rb8 11. Qc1 c5 12. Bb2 Nb6 13. axb5 axb5 14. d4 Na4 15. dxc5 Nxb2 16. Qxb2 0-0 17. a4 bxa4 18. Qc3 Bd5 19. Rxa4 Ne4 20. Qe3 Qc7 21. Nd4 Nxc5 22. Ra2 Bxg2 23. Kxg2 Nb3 24. Rc2 Qb7+ 25. Kg1 Qd5 26. Nxb3 cxb3 27. Rd2 Qb5 28. Rb1 h5 29. Rdb2 Qf5 30. Qd3 Qxd3 31. exd3 Rfd8 32. Rxb3 Rxb3 33. Rxb3 e5 34. h4 f6 35. Kf1 Kf7 36. Ke2 Ke6 37. Ke3 Kf5 38. Rb7 g6 39. Rb4 g5 40. f3 g4 41. f4 Rd7 42. fxe5 fxe5 43. Rb6 Rh7 44. Rd6 Rh8 45. d4 exd4+ 46. Kxd4 Ra8 47. Rd5+ Kg6 48. Ke4 Rf8 49. Rg5+ Kh6 50. Rf5 Ra8 51. Rf6+ Kg7 52. Rb6 Rf8 53. Rb5 Kg6 54. Rg5+ Kh6 55. Rf5 Ra8 56. Rd5 Rf8 1/2-1/2

[Event "CZE-chT1W 1516"]
[Site "Czech Republic"]
[Date "2016.02.28"]
[Round "9.5"]
[White "Rehorek, Martin"]
[Black "Chmel, Kristian"]
[Result "1/2-1/2"]
[WhiteElo "2299"]
[BlackElo "2075"]
[PlyCount "147"]
[EventDate "2015.10.11"]
[EventType "team-tourn"]
[EventRounds "11"]
[EventCountry "CZE"]
[SourceTitle "EXT 2017"]
[Source "ChessBase"]
[SourceDate "2016.10.25"]
[SourceVersion "1"]
[SourceVersionDate "2016.10.25"]
[SourceQuality "1"]
[WhiteTeam "Unichess"]
[BlackTeam "Praha Kobylisy"]
[WhiteTeamCountry "CZE"]
[BlackTeamCountry "CZE"]

1. Nf3 Nf6 2. c4 e6 3. g3 b6 4. Bg2 Bb7 5. 0-0 Be7 6. Nc3 0-0 7. d3 d5 8. cxd5 exd5 9. Nd4 Re8 10. e3 a6 11. b3 Bf8 12. Bb2 Nbd7 13. Rc1 Rc8 14. Nde2 Ne5 15. Nf4 Ng6 16. Nh5 Nxh5 17. Qxh5 Ne5 18. Rfd1 g6 19. Qe2 h5 20. h3 c6 21. Qd2 Bh6 22. Ne2 Rc7 23. f4 Nd7 24. Qc3 f6 25. Bxd5+ Kh7 26. d4 Qe7 27. Bf3 c5 28. d5 Qd6 29. e4 h4 30. Bg2 hxg3 31. Qxg3 a5 32. Rc2 Ba6 33. Bc1 Bxe2 34. Rxe2 c4 35. e5 fxe5 36. fxe5 Nxe5 37. Bxh6 Kxh6 38. bxc4 Rf7 39. Qh4+ Kg7 40. Rde1 Qc5+ 41. Kh1 Rh8 42. Qg3 Nd7 43. Re6 Nf6 44. Rc6 Qd4 45. Qe3 Qb2 46. Rf1 Rhf8 47. Qxb6 Qxa2 48. Qd4 a4 49. c5 a3 50. Ra6 Qb2 51. Qxb2 axb2 52. Rb6 Nd7 53. Rxf7+ Kxf7 54. Rxb2 Nxc5 55. Kh2 Nd3 56. Rb7+ Kf6 57. Rb6+ Kf5 58. Kg3 Nf4 59. Bf3 Ke5 60. Rb1 Kd6 61. h4 Nxd5 62. Rd1 Rf5 63. Be4 Re5 64. Bxg6 Ke6 65. Bc2 Ne3 66. Bb3+ Kf6 67. Rd6+ Kg7 68. Kf4 Rb5 69. Be6 Ng2+ 70. Kg3 Ne3 71. Rd3 Nf5+ 72. Kh3 Kf6 73. Bd7 Rb4 74. Bxf5 1/2-1/2